Best defense /

Captain Kirk and his crew seek the stolen Transfer Key that opens a door to a parallel universe, but their hunt is cut short by Ambassador Sarek's plea for help from the long-awaited Klingon-Federation peace conference. The Enterprise crew soon become targets in a deadly crossfire, one whose ou...

Full description

Bibliographic Details
Main Author: Mack, David, 1969- (Author)
Format: Book
Language:English
Published: New York : Pocket Books, 2016.
Edition:First Pocket books paperback edition.
Series:Star trek, the original series.
Legacies (Pocket Books) ; bk. 2.
Subjects:

MARC

Tag First Indicator Second Indicator Subfields
LEADER 00000cam a2200000Ii 4500
001 in00004720821
008 151105s2016 nyu 000 1 eng d
005 20230526133409.7
010 |a  2016659301 
035 |a (OCoLC)ocn928480979 
040 |a YDXCP  |b eng  |e rda  |c YDXCP  |d BTCTA  |d OCLCQ  |d GO4  |d DIGRP  |d OCLCO  |d BDX  |d OCLCF  |d OCLCO  |d AW3  |d NZGPL  |d OCLCO  |d DLC  |d OCLCA  |d OCL  |d OCLCQ  |d OCLCO  |d XRQ  |d OCLCQ  |d OCLCO  |d NZIPP  |d OCLCO  |d LIQ  |d OCLCO 
019 |a 928576117 
020 |a 1476753105 
020 |a 9781476753102 
035 |a (OCoLC)928480979  |z (OCoLC)928576117 
050 1 4 |a PS3613.A272545  |b B47 2016 
082 0 4 |a 813/.6  |2 23 
100 1 |a Mack, David,  |d 1969-  |e author. 
245 1 0 |a Best defense /  |c David Mack. 
250 |a First Pocket books paperback edition. 
264 1 |a New York :  |b Pocket Books,  |c 2016. 
300 |a 354 pages ;  |c 18 cm. 
336 |a text  |b txt  |2 rdacontent 
337 |a unmediated  |b n  |2 rdamedia 
338 |a volume  |b nc  |2 rdacarrier 
490 1 |a Star trek, the original series 
490 1 |a Star trek. Legacies ;  |v book 2 
500 |a Based on Star Trek created by Gene Roddenberry. 
500 |a "The special 50th anniversary trilogy continues!"--Cover. 
520 |a Captain Kirk and his crew seek the stolen Transfer Key that opens a door to a parallel universe, but their hunt is cut short by Ambassador Sarek's plea for help from the long-awaited Klingon-Federation peace conference. The Enterprise crew soon become targets in a deadly crossfire, one whose outcome will decide the fate of two universes. 
600 1 0 |a Kirk, James T.  |c (Fictitious character),  |d 2233-2371  |v Fiction. 
650 0 |a Interplanetary voyages  |v Fiction. 
650 0 |a Life on other planets  |v Fiction. 
650 6 |a Voyages interplanétaires  |v Romans, nouvelles, etc. 
650 6 |a Vie extraterrestre  |v Romans, nouvelles, etc. 
600 1 7 |a Kirk, James T.  |c (Fictitious character),  |d 2233-2371  |2 fast  |0 (OCoLC)fst00987859 
650 7 |a Interplanetary voyages.  |2 fast  |0 (OCoLC)fst00977455 
650 7 |a Life on other planets.  |2 fast  |0 (OCoLC)fst00998301 
655 0 |a Radio and television novels. 
655 2 |a Fictional Work 
655 4 |a Radio and television novels. 
655 7 |a Fiction.  |2 fast  |0 (OCoLC)fst01423787 
655 7 |a Novels.  |2 fast  |0 (OCoLC)fst01921742 
655 7 |a Science fiction.  |2 fast  |0 (OCoLC)fst01726489 
655 7 |a Radio and television novels.  |2 gsafd 
655 7 |a Science fiction.  |2 lcgft 
655 7 |a Novels.  |2 lcgft 
655 7 |a Romans.  |2 rvmgf 
730 0 |a Star trek (Television program) 
830 0 |a Star trek, the original series. 
830 0 |a Legacies (Pocket Books) ;  |v bk. 2. 
938 |a Brodart  |b BROD  |n 114284512 
938 |a Baker and Taylor  |b BTCP  |n BK0017919283 
938 |a YBP Library Services  |b YANK  |n 12682403 
029 1 |a AU@  |b 000057878089 
029 1 |a UNITY  |b 138497060 
994 |a Z0  |b TXA 
948 |h HELD BY TXA - 162 OTHER HOLDINGS 
999 f f |s 7cb4f24e-0531-4ad7-b6ef-177d9d6e7c90  |i 536d5b2f-facd-439c-a15b-997ef7f0e918  |t 0 
952 f f |p noncirc  |a Texas A&M University  |b College Station  |c Cushing Memorial Library & Archives  |d Cushing: Science Fiction (Does not check out)  |t 0  |e PS3613.A272545 B47 2016  |h Library of Congress classification  |i unmediated -- volume  |m A14852966008 
998 f f |a PS3613.A272545 B47 2016  |t 0  |l Cushing: Science Fiction (Does not check out)